000 01251cam a22003978a 4500
001 15148635
003 OSt
005 20140310182447.0
008 080117s2010 stk 001 0 eng
010 _a 2008002610
020 _a9780443100826
035 _a(DNLM)101464021
040 _aDNLM/DLC
_cDLC
_dDLC
042 _apcc
050 0 0 _aRC 582
_b.P357 2009
060 1 0 _aQW 540
_bP357b 2010
100 1 _aPeakman, Mark.
_97839
245 1 0 _aBasic and clinical immunology /
_cMark Peakman, Diego Vergani ; illustrated by Robert Britton and Ethan Danielson.
250 _a2nd ed.
260 _aEdinburgh ;
_aNew York :
_bChurchill Livingstone,
_c2010.
263 _a0811
300 _a365p. ;
_c29 cm.
_bill. col ;
500 _aIncludes index.
650 0 _aClinical immunology.
_97840
650 0 _aImmunology.
_97841
650 1 2 _aImmunity.
_97842
650 2 2 _aImmune System
_xphysiology.
_97843
650 2 2 _aImmune System Diseases.
_97844
700 1 _aVergani, Diego.
_97845
856 4 1 _3Table of contents only
_uhttp://www.loc.gov/catdir/toc/ecip089/2008002610.html
906 _a7
_brix
_corignew
_d1
_eecip
_f20
_gy-gencatlg
942 _2lcc
_cSSLC
999 _c13622
_d13622